30 anys : Llibreria de la Diputació : Llibreria de la Diputació

Publicat: Barcelona : Diputació de Barcelona , 2024
Descripció física: 1 llibreta : il·lustració color ; 14 x 11 cm
Idioma: Català

MARC

LEADER 00000nrm a22000007a 4500
001 29370
003 AGDB
005 20260324181548.0
008 260211b spa||||| |||| 00| 0 cat d
040 |a agdb  |b cat 
245 |a 30 anys   |b : Llibreria de la Diputació  |h (llibreta) 
260 |a Barcelona :   |b Diputació de Barcelona,  |c 2024 
300 |a 1 llibreta :  |b il·lustració color ;  |c 14 x 11 cm 
500 |a Llibretes editades per la Llibreria de la Diputació, en motiu de la celebració dels seus 30 anys. 
650 0 |a Objectes publicitaris  |9 54098 
655 0 |a Llibretes  |9 54934 
710 |a Barcelona (Catalunya : Província).  |b Llibreria  |9 52413 
710 1 |a Barcelona (Catalunya : Província).  |b Diputació  |9 52408 
942 |2 udc  |c ARXIU  |n 1 
952 |0 0  |1 0  |2 udc  |4 0  |6 NBM2120  |7 1  |9 99137  |a Arxiu  |b Arxiu  |d 2026-02-11  |l 0  |o NBM-21-20  |p 29370  |r 2026-02-11 13:49:07  |w 2026-02-11  |y ARXIU 
999 |c 130792  |d 130792